Introducción a la representación molecular /

Guardado en:
Autor Principal: Rosi, Pablo E.
Formato: Libro
Publicado: Benos Aires : Instituto Nacional de Educación Tecnológica, 2010
Series:Las ciencias naturales y la matemática / Juan Manuel Krischenbaum
Materias:
Etiquetas: Agregar Etiqueta
Sin Etiquetas, Sea el primero en etiquetar este registro!
LEADER 00698nam a22002295a 4500
001 CEM.cems013579
005 20110930133226.0
008 130507s2010##################000#0#####d
003 CEMS
020 |a 9789500007528 
082 0 4 |a 541 
100 1 |a Rosi, Pablo E. 
245 1 0 |a Introducción a la representación molecular /  |c Pablo E. Rosi 
260 |a Benos Aires :  |b Instituto Nacional de Educación Tecnológica,  |c 2010 
300 |a 188 p. 
490 0 |a Las ciencias naturales y la matemática / Juan Manuel Krischenbaum 
653 |a Bioquímica 
653 |a Química 
653 |a Molécula 
653 |a Atomo 
653 |a Materia 
859 |a CEMS  |b BIB. CEMS - 11 de abril  |h 541  |i R73  |p 26217.11  |t Ej.1